000 01029cam a2200193 4500
001 WB3944-09
008 031118n2003 000 0 eng u
035 _a(Sirsi) u124361
245 _aEnergy-saving heating gets £6m boost
260 _c2003
490 _aDEFRA News Release
_v(474/03) 13 November 2003 (2)
520 _aLeicester City Council has received £5.1m from the government as part of its Community Energy Programme. Other grants announced include Barking, Havering and Redbridge NHS Trust, Shetland Charitable Trust and Kilburn Square Housing Cooperative. The money is to be spent on projects which help to reduce energy bills and combat both greenhouse gases and fuel poverty. More information is available from http://www.est.org.uk/communityenergy/. http://www.defra.gov.uk/news/2003/031113a.htm
590 _aWB
650 _aENERGY-SAVING
650 _aGREENHOUSE GASES
650 _aFUEL CONSERVATION
690 _aENVIRONMENTAL AND LAND CONSULTANCY-ENERGY-ENERGY USE-ENERGY EFFICIENCY
942 _n0
999 _c73801
_d73801